[Event "FIDE Grand Swiss"]
[Site "Samarkand"]
[Date "2025.09.13"]
[Round "9"]
[White "Salem, AR Saleh"]
[Black "Predke, Alexandr"]
[Result "0-1"]
[WhiteElo "2640"]
[BlackElo "2617"]
[PlyCount "66"]
[EventDate "2025.09.04"]
[EventType "swiss"]
[EventRounds "11"]
[EventCountry "UZB"]
[SourceTitle "CB38_2025"]
[SourceDate "2025.09.17"]
[SourceVersion "1"]
[SourceVersionDate "2025.09.17"]
[SourceQuality "1"]

1. d4 d5 2. c4 e6 3. Nc3 Nf6 4. cxd5 exd5 5. Bg5 Be7 6. e3 0-0 7. Bd3 Re8 8. Nge2 c6 9. 0-0 Nbd7 10. Qc2 Nf8 11. f3 Ng6 12. Rad1 h6 13. Bxf6 Bxf6 14. Bxg6 fxg6 15. e4 dxe4 16. fxe4 Bg5 17. Qd3 Rf8 18. Rxf8+ Qxf8 19. Qg3 Kh7 20. h4 Bd8 21. Rf1 Qe8 22. e5 Bf5 23. Qf4 Qe7 24. h5 Qg5 25. hxg6+ Bxg6 26. Qf8 c5 27. d5 Qxe5 28. Nf4 Bf5 29. Nce2 c4 30. Kh1 Bd3 31. Qf7 Bc7 32. Rf3 Bxe2 33. Rg3 Bd3 0-1

[Event "FIDE Grand Swiss"]
[Site "Samarkand"]
[Date "2025.09.12"]
[Round "8"]
[White "Liang, Awonder"]
[Black "Salem, AR Saleh"]
[Result "1-0"]
[WhiteElo "2696"]
[BlackElo "2640"]
[PlyCount "89"]
[EventDate "2025.09.04"]
[EventType "swiss"]
[EventRounds "11"]
[EventCountry "UZB"]
[SourceTitle "CB38_2025"]
[SourceDate "2025.09.17"]
[SourceVersion "1"]
[SourceVersionDate "2025.09.17"]
[SourceQuality "1"]

1. Nf3 c5 2. e3 d5 3. d4 cxd4 4. exd4 Nc6 5. c4 Nf6 6. Nc3 a6 7. h3 g6 8. c5 Ne4 9. Qb3 e6 10. Bf4 Bg7 11. Rd1 0-0 12. Be2 f5 13. 0-0 Ra7 14. Bh2 Ng5 15. Bd6 Nxf3+ 16. Bxf3 Nxd4 17. Rxd4 Bxd4 18. Nxd5 b5 19. Rd1 Bg7 20. Nb6 Qe8 21. c6 Rff7 22. Bb8 Rae7 23. Qc2 Rc7 24. Bxc7 Rxc7 25. Na8 Rf7 26. c7 Bf6 27. Rd6 Kg7 28. Qd2 Qe7 29. Nb6 Qxc7 30. Rc6 Qe5 31. Nxc8 Qxb2 32. Qxb2 Bxb2 33. Rxe6 Rc7 34. Re7+ Rxe7 35. Nxe7 Kf6 36. Nc6 Ba3 37. Bd5 Bc5 38. Kf1 g5 39. g4 fxg4 40. hxg4 Bd6 41. Ke2 Bc7 42. Kd3 h6 43. f3 a5 44. Nd4 b4 45. Nc6 1-0

[Event "FIDE Grand Swiss"]
[Site "Samarkand"]
[Date "2025.09.07"]
[Round "4"]
[White "Salem, AR Saleh"]
[Black "Aronian, Levon"]
[Result "1/2-1/2"]
[WhiteElo "2640"]
[BlackElo "2737"]
[PlyCount "63"]
[EventDate "2025.09.04"]
[EventType "swiss"]
[EventRounds "11"]
[EventCountry "UZB"]
[SourceTitle "CB38_2025"]
[SourceDate "2025.09.17"]
[SourceVersion "1"]
[SourceVersionDate "2025.09.17"]
[SourceQuality "1"]

1. Nf3 Nf6 2. g3 c5 3. Bg2 Nc6 4. 0-0 d5 5. d4 e6 6. b3 cxd4 7. Nxd4 Bd7 8. Bb2 Bc5 9. c4 Bxd4 10. Bxd4 Nxd4 11. Qxd4 dxc4 12. Bxb7 Rb8 13. Bf3 cxb3 14. axb3 Qb6 15. Rd1 Qxd4 16. Rxd4 e5 17. Rd1 e4 18. Bg2 Bg4 19. Nc3 0-0 20. Nxe4 Nxe4 21. Bxe4 Bxe2 22. Re1 Bg4 23. Bd5 Be6 24. Bxe6 fxe6 25. Rxe6 Rxb3 26. Ra2 Rb7 27. Rea6 Rff7 28. h4 h6 29. Kg2 Kh7 30. R6a5 Rbc7 31. Ra6 Rb7 32. R6a5 1/2-1/2

[Event "FIDE Grand Swiss"]
[Site "Samarkand"]
[Date "2025.09.04"]
[Round "1"]
[White "Salem, AR Saleh"]
[Black "Olisa, Tennyson Ewomazino"]
[Result "1-0"]
[WhiteElo "2640"]
[BlackElo "2287"]
[PlyCount "57"]
[EventDate "2025.09.04"]
[EventType "swiss"]
[EventRounds "11"]
[EventCountry "UZB"]
[SourceTitle "CB38_2025"]
[SourceDate "2025.09.17"]
[SourceVersion "1"]
[SourceVersionDate "2025.09.17"]
[SourceQuality "1"]

1. d4 Nf6 2. c4 e6 3. Nf3 Bb4+ 4. Nbd2 b6 5. a3 Bxd2+ 6. Qxd2 Bb7 7. e3 d6 8. Be2 a5 9. b3 Nbd7 10. Bb2 Qe7 11. Qc2 0-0 12. 0-0 e5 13. Rad1 Rfe8 14. Rfe1 Ne4 15. d5 f5 16. Nd2 Nxd2 17. Qxd2 Rf8 18. f4 Rae8 19. Bh5 g6 20. Bf3 g5 21. g3 Ba6 22. Qc2 Bb7 23. Re2 h6 24. h3 Qf7 25. Rf1 gxf4 26. gxf4 Kh8 27. Rg2 Rg8 28. Bg4 Nf6 29. fxe5 1-0

[Event "Fujairah op-A"]
[Site "Fujairah"]
[Date "2025.08.30"]
[Round "7"]
[White "Salem, AR Saleh"]
[Black "Grebnev, Aleksey"]
[Result "1/2-1/2"]
[WhiteElo "2640"]
[BlackElo "2595"]
[PlyCount "71"]
[EventDate "2025.08.25"]
[EventType "swiss"]
[EventRounds "9"]
[EventCountry "UAE"]
[SourceTitle "CB36_2025"]
[SourceDate "2025.09.03"]
[SourceVersion "1"]
[SourceVersionDate "2025.09.03"]
[SourceQuality "1"]

1. Nf3 d5 2. g3 e6 3. Bg2 Nf6 4. 0-0 Be7 5. d3 0-0 6. Nbd2 Nc6 7. e4 dxe4 8. dxe4 e5 9. Nc4 Qxd1 10. Rxd1 Nxe4 11. Nfxe5 Nxe5 12. Nxe5 Nd6 13. Nd3 Bf5 14. a4 a5 15. Bf4 Rad8 16. Rab1 Bf6 17. b4 axb4 18. Nxb4 Ra8 19. Rd5 Be6 20. Rc5 Rxa4 21. Nd5 Bxd5 22. Bxd5 g5 23. Bxd6 cxd6 24. Rcb5 Ra1 25. Rxa1 Bxa1 26. Rxb7 Bd4 27. Kg2 Kg7 28. Rd7 Bc5 29. f4 gxf4 30. gxf4 Kf6 31. Kf3 h6 32. h3 Ba3 33. h4 Bc5 34. h5 Ba3 35. Bb3 Bc5 36. Bd5 1/2-1/2

[Event "Biel GM1 Final 58th"]
[Site "Biel"]
[Date "2025.07.24"]
[Round "3"]
[White "Fedoseev, Vladimir1"]
[Black "Salem, AR Saleh"]
[Result "1-0"]
[WhiteElo "2739"]
[BlackElo "2627"]
[PlyCount "63"]
[EventDate "2025.07.22"]
[EventType "tourn"]
[EventRounds "3"]
[EventCountry "SUI"]
[EventCategory "18"]
[SourceTitle "CB31_2025"]
[SourceDate "2025.07.30"]
[SourceVersion "1"]
[SourceVersionDate "2025.07.30"]
[SourceQuality "1"]

1. d4 Nf6 2. c4 g6 3. Nc3 d5 4. Bg5 Ne4 5. cxd5 Nxg5 6. h4 Ne4 7. Nxe4 Qxd5 8. Nc3 Qa5 9. h5 Bg7 10. h6 Bf6 11. Qd2 0-0 12. Nf3 Rd8 13. e3 c5 14. d5 Nd7 15. Be2 Nb6 16. e4 Bg4 17. Rc1 Bxf3 18. gxf3 e6 19. Qf4 Bd4 20. 0-0 exd5 21. Nb5 dxe4 22. Nxd4 cxd4 23. fxe4 Qb4 24. Rc7 Rd7 25. Rfc1 d3 26. Bxd3 Qxb2 27. a4 Rf8 28. R7c3 Rfd8 29. Qf6 Kf8 30. Bb5 Rd1+ 31. Kg2 Qb4 32. Rf3 1-0

[Event "Biel GM1 Blitz 58th"]
[Site "Biel"]
[Date "2025.07.20"]
[Round "4"]
[White "Salem, AR Saleh"]
[Black "Fedoseev, Vladimir1"]
[Result "0-1"]
[WhiteElo "2627"]
[BlackElo "2739"]
[PlyCount "80"]
[EventDate "2025.07.20"]
[EventType "tourn (blitz)"]
[EventRounds "10"]
[EventCountry "SUI"]
[EventCategory "18"]
[SourceTitle "CB30_2025"]
[SourceDate "2025.07.23"]
[SourceVersion "1"]
[SourceVersionDate "2025.07.23"]
[SourceQuality "1"]

1. d4 d5 2. c4 dxc4 3. Nf3 Nf6 4. e3 e6 5. Bxc4 a6 6. 0-0 Nbd7 7. a4 b6 8. Nc3 Bb7 9. Qe2 Bb4 10. Rd1 0-0 11. Bd2 Qe7 12. Rac1 Rfd8 13. h3 c5 14. Be1 cxd4 15. exd4 Nf8 16. Bd2 Ng6 17. Bg5 h6 18. Be3 Bxc3 19. bxc3 Nd5 20. Bxd5 Rxd5 21. c4 Rf5 22. Ne1 Bc6 23. Ra1 Rd8 24. f3 b5 25. axb5 axb5 26. c5 e5 27. Nc2 exd4 28. Nxd4 Rfd5 29. Qf2 Ne5 30. Rdb1 Qd7 31. Nxc6 Qxc6 32. Qe2 Nc4 33. Bf2 Re5 34. Qa2 Nd2 35. Re1 Rg5 36. Kh1 Nxf3 37. Red1 Nd2 38. Rg1 Ne4 39. Be3 Ng3+ 40. Kh2 Qc7 0-1

[Event "Biel GM1 Blitz 58th"]
[Site "Biel"]
[Date "2025.07.20"]
[Round "3"]
[White "Salem, AR Saleh"]
[Black "Svane, Frederik"]
[Result "0-1"]
[WhiteElo "2627"]
[BlackElo "2659"]
[PlyCount "170"]
[EventDate "2025.07.20"]
[EventType "tourn (blitz)"]
[EventRounds "10"]
[EventCountry "SUI"]
[EventCategory "18"]
[SourceTitle "CB30_2025"]
[SourceDate "2025.07.23"]
[SourceVersion "1"]
[SourceVersionDate "2025.07.23"]
[SourceQuality "1"]

1. d4 Nf6 2. c4 e6 3. Nc3 Bb4 4. a3 Bxc3+ 5. bxc3 0-0 6. f3 d5 7. cxd5 exd5 8. e3 c5 9. Ne2 Re8 10. Ng3 Qa5 11. Bd2 Qc7 12. Bd3 b6 13. 0-0 Ba6 14. Bxa6 Nxa6 15. Ra2 Qc6 16. Bc1 Nc7 17. a4 Re6 18. Raf2 Rf8 19. Nf5 Nce8 20. c4 Nd6 21. cxd5 Nxd5 22. Nxd6 Qxd6 23. dxc5 Qxc5 24. Rc2 Nc3 25. Qd3 Rc8 26. Bd2 Ne2+ 27. Qxe2 Qxc2 28. Rc1 Qxc1+ 29. Bxc1 Rxc1+ 30. Kf2 Rd6 31. h4 g6 32. Qb5 Rc2+ 33. Kg3 Rc5 34. Qe8+ Kg7 35. Qe7 Rd2 36. Qxa7 Rcc2 37. e4 Rxg2+ 38. Kf4 Rc6 39. Qd7 Rf6+ 40. Ke3 Rg3 41. h5 Rfxf3+ 42. Ke2 gxh5 43. Qd4+ Rf6 44. Qe5 h4 45. Qh5 Rf4 46. Qe5+ Rf6 47. Qh5 Rgg6 48. Qxh4 Re6 49. Kd3 Re5 50. Kd4 Rge6 51. Qg3+ Kf8 52. Kd3 Rxe4 53. Qb8+ Kg7 54. Qg3+ Rg6 55. Qc7 Ree6 56. Qc3+ Ref6 57. Ke4 h5 58. Qb2 h4 59. Qc3 Rg4+ 60. Ke5 Rg5+ 61. Ke4 Kg6 62. Qc8 Kh7 63. Qd8 Rgg6 64. Qd3 Kg7 65. Qc3 Rh6 66. Qh3 Rfg6 67. Qc3+ Kh7 68. Qf3 Re6+ 69. Kd5 Ref6 70. Qd3+ Kh8 71. Qh3 Rfg6 72. Qc3+ Kh7 73. Qf3 Kg8 74. Qh3 Rg3 75. Qc8+ Kg7 76. Qe8 Rg5+ 77. Kd4 h3 78. Qe3 Rg4+ 79. Kd3 Rgg6 80. Qe5+ Kh7 81. Qf5 Kg8 82. Qc8+ Kg7 83. Qc3+ Rf6 84. Qe5 h2 85. Qg3+ Kh7 0-1

[Event "Biel GM1 Blitz 58th"]
[Site "Biel"]
[Date "2025.07.20"]
[Round "2"]
[White "Wojtaszek, Radoslaw"]
[Black "Salem, AR Saleh"]
[Result "0-1"]
[WhiteElo "2651"]
[BlackElo "2627"]
[PlyCount "48"]
[EventDate "2025.07.20"]
[EventType "tourn (blitz)"]
[EventRounds "10"]
[EventCountry "SUI"]
[EventCategory "18"]
[SourceTitle "CB30_2025"]
[SourceDate "2025.07.23"]
[SourceVersion "1"]
[SourceVersionDate "2025.07.23"]
[SourceQuality "1"]

1. Nf3 c5 2. g3 g6 3. c3 Bg7 4. d4 cxd4 5. cxd4 d5 6. Nc3 Nf6 7. Ne5 0-0 8. Bg2 Nc6 9. 0-0 Bf5 10. Bf4 Rc8 11. Rc1 Qb6 12. Qd2 Rfd8 13. Rfd1 Qa6 14. h3 h5 15. Bg5 Be6 16. Qe3 Kh7 17. Nd3 Bf5 18. Nc5 Qb6 19. Bxf6 exf6 20. b3 Bh6 21. f4 Nxd4 22. N5a4 Nxe2+ 23. Kf2 Qxe3+ 24. Kxe3 Nxc1 0-1

[Event "Biel Masters"]
[Site "Biel"]
[Date "2025.07.16"]
[Round "2"]
[White "Wojtaszek, Radoslaw"]
[Black "Salem, AR Saleh"]
[Result "1/2-1/2"]
[WhiteElo "2651"]
[BlackElo "2627"]
[PlyCount "49"]
[EventDate "2025.07.15"]
[EventType "tourn"]
[EventRounds "5"]
[EventCountry "SUI"]
[EventCategory "18"]
[SourceTitle "CB30_2025"]
[SourceDate "2025.07.23"]
[SourceVersion "1"]
[SourceVersionDate "2025.07.23"]
[SourceQuality "1"]

1. d4 Nf6 2. c4 g6 3. Nc3 d5 4. cxd5 Nxd5 5. e4 Nxc3 6. bxc3 Bg7 7. Nf3 c5 8. Rb1 0-0 9. Be2 cxd4 10. cxd4 Qa5+ 11. Bd2 Qxa2 12. 0-0 Bg4 13. Rxb7 Bxf3 14. Bxf3 Bxd4 15. e5 Na6 16. Rxe7 Rad8 17. e6 fxe6 18. Qe1 Nc5 19. Be3 Nd3 20. Bxd4 Nxe1 21. Rg7+ Kh8 22. Rd7+ Kg8 23. Rg7+ Kh8 24. Rd7+ Kg8 25. Rg7+ 1/2-1/2

[Event "Biel Masters"]
[Site "Biel"]
[Date "2025.07.15"]
[Round "1"]
[White "Salem, AR Saleh"]
[Black "Murzin, Volodar"]
[Result "1/2-1/2"]
[WhiteElo "2627"]
[BlackElo "2671"]
[PlyCount "81"]
[EventDate "2025.07.15"]
[EventType "tourn"]
[EventRounds "5"]
[EventCountry "SUI"]
[EventCategory "18"]
[SourceTitle "CB30_2025"]
[SourceDate "2025.07.23"]
[SourceVersion "1"]
[SourceVersionDate "2025.07.23"]
[SourceQuality "1"]

1. d4 d5 2. c4 c6 3. Nf3 Nf6 4. Nc3 dxc4 5. a4 Bf5 6. Ne5 Nbd7 7. Nxc4 Nb6 8. Ne5 a5 9. h4 e6 10. f3 h6 11. e4 Bh7 12. Be3 Nfd7 13. Nd3 Bd6 14. Rh3 Nc4 15. Bf2 e5 16. d5 Ncb6 17. dxc6 bxc6 18. g4 Qe7 19. Qc2 0-0 20. g5 h5 21. Rg3 Rfb8 22. Bh3 Nc5 23. Rd1 Bg6 24. Kf1 Nxd3 25. Rxd3 Bc5 26. Rg2 Rd8 27. Bf5 Bxf2 28. Rxf2 Rxd3 29. Qxd3 Rd8 30. Qa6 Qc5 31. Qa7 Nxa4 32. Qc7 Rd4 33. Ne2 Rd1+ 34. Kg2 Rd2 35. Qb8+ Kh7 36. Qb3 Nxb2 37. Qxf7 Rd6 38. Bxg6+ Rxg6 39. Nf4 exf4 40. Rxb2 Qe3 41. Qc4 1/2-1/2

[Event "Biel GM1 Rapid 58th"]
[Site "Biel"]
[Date "2025.07.13"]
[Round "3"]
[White "Svane, Frederik"]
[Black "Salem, AR Saleh"]
[Result "1/2-1/2"]
[WhiteElo "2659"]
[BlackElo "2627"]
[PlyCount "65"]
[EventDate "2025.07.13"]
[EventType "tourn (rapid)"]
[EventRounds "5"]
[EventCountry "SUI"]
[EventCategory "18"]
[SourceTitle "CB30_2025"]
[SourceDate "2025.07.23"]
[SourceVersion "1"]
[SourceVersionDate "2025.07.23"]
[SourceQuality "1"]

1. e4 c5 2. Nf3 d6 3. Bb5+ Nd7 4. a4 Ngf6 5. Nc3 a6 6. Bc4 e6 7. d4 cxd4 8. Nxd4 Ne5 9. Ba2 Bd7 10. Be3 Qc7 11. Qe2 Rc8 12. f3 Be7 13. 0-0 0-0 14. a5 Nc4 15. Bxc4 Qxc4 16. Qxc4 Rxc4 17. Rfd1 Rfc8 18. Nde2 h6 19. Rd4 R4c7 20. Rd2 e5 21. Kf2 Be6 22. Ke1 Kf8 23. Kd1 Ke8 24. Nc1 Rc6 25. Nd5 Bd8 26. Ne2 Bxd5 27. exd5 Rc4 28. c3 Nd7 29. Kc2 Bg5 30. Bxg5 hxg5 31. b3 Rh4 32. h3 g6 33. c4 1/2-1/2

[Event "Sharjah Masters-A 8th"]
[Site "Sharjah"]
[Date "2025.05.18"]
[Round "2"]
[White "Salem, AR Saleh"]
[Black "Malek, Jan"]
[Result "1-0"]
[WhiteElo "2631"]
[BlackElo "2511"]
[PlyCount "103"]
[EventDate "2025.05.17"]
[EventType "swiss"]
[EventRounds "9"]
[EventCountry "UAE"]
[SourceTitle "CB22_2025"]
[SourceDate "2025.05.28"]
[SourceVersion "1"]
[SourceVersionDate "2025.05.28"]
[SourceQuality "1"]

1. e4 e5 2. Nf3 Nc6 3. Bb5 a6 4. Ba4 Nf6 5. 0-0 Be7 6. d3 b5 7. Bb3 d6 8. Bd2 0-0 9. h3 h6 10. Re1 Rb8 11. a3 a5 12. Bd5 Nxd5 13. exd5 Nd4 14. Nxd4 exd4 15. Bxa5 Bf6 16. Nd2 Bb7 17. Qf3 Ra8 18. Nb3 Be5 19. Bd2 Ra6 20. Na5 Ba8 21. b4 Qd7 22. Rac1 Re8 23. Re2 f6 24. Rce1 Qf7 25. Nc6 Bxc6 26. dxc6 Rxa3 27. Qf5 Rd8 28. h4 d5 29. Bf4 Ra6 30. Bxe5 fxe5 31. Qxe5 Rxc6 32. Qxd4 Rg6 33. Re5 h5 34. g3 c6 35. Re7 Qf3 36. Qe3 Qg4 37. Re6 Rd6 38. Rxd6 Rxd6 39. Qe8+ Kh7 40. Re5 Rh6 41. Qf7 Rg6 42. Kg2 Qd1 43. Qf5 Kh6 44. Re8 Kh7 45. Re6 Qg4 46. Qxg6+ Qxg6 47. Rxg6 Kxg6 48. Kf3 Kf5 49. d4 g6 50. c3 g5 51. hxg5 Kxg5 52. Kg2 1-0

[Event "Asia-ch"]
[Site "Al Ain"]
[Date "2025.05.14"]
[Round "8"]
[White "Salem, AR Saleh"]
[Black "Urazayev, Arystanbek"]
[Result "1-0"]
[WhiteElo "2631"]
[BlackElo "2482"]
[PlyCount "67"]
[EventDate "2025.05.07"]
[EventType "swiss"]
[EventRounds "9"]
[EventCountry "UAE"]
[SourceTitle "CB21_2025"]
[SourceDate "2025.05.21"]
[SourceVersion "1"]
[SourceVersionDate "2025.05.21"]
[SourceQuality "1"]

1. e4 c5 2. Nf3 e6 3. d4 cxd4 4. Nxd4 Nc6 5. Nc3 Qc7 6. Qd3 Nf6 7. Ndb5 Qb8 8. Qg3 d6 9. Be3 a6 10. Nd4 h5 11. f3 h4 12. Qf2 Bd7 13. 0-0-0 b5 14. Nxc6 Bxc6 15. Bd3 Be7 16. Kb1 b4 17. Ne2 a5 18. Nd4 Bd7 19. g4 g6 20. g5 Nh5 21. f4 a4 22. f5 e5 23. Bc4 exd4 24. Bxd4 Rf8 25. f6 Bd8 26. e5 Qc8 27. b3 axb3 28. axb3 d5 29. Bxd5 Ra5 30. Bc4 Qa8 31. Bb2 Qa7 32. Qd2 Bb6 33. Rhe1 Be6 34. Qd6 1-0

[Event "Asia-ch Blitz"]
[Site "Al Ain"]
[Date "2025.05.10"]
[Round "4"]
[White "Salem, AR Saleh"]
[Black "Nurgaliyev, Sauat"]
[Result "1-0"]
[WhiteElo "2631"]
[BlackElo "2407"]
[PlyCount "56"]
[EventDate "2025.05.10"]
[EventType "swiss (blitz)"]
[EventRounds "9"]
[EventCountry "UAE"]
[SourceTitle "CB20_2025"]
[SourceDate "2025.05.14"]
[SourceVersion "1"]
[SourceVersionDate "2025.05.14"]
[SourceQuality "1"]

1. e4 e5 2. Nf3 Nc6 3. Bb5 a6 4. Ba4 Nf6 5. d3 b5 6. Bb3 Bc5 7. a4 Rb8 8. c3 d6 9. 0-0 0-0 10. axb5 axb5 11. Bg5 h6 12. Bh4 g5 13. Nxg5 hxg5 14. Bxg5 Bg4 15. Qd2 Kh7 16. Bd5 Bd7 17. d4 Bb6 18. f4 exd4 19. Kh1 dxc3 20. Nxc3 Rg8 21. e5 Rxg5 22. fxg5 Nxd5 23. Nxd5 Nxe5 24. Nf6+ Kg7 25. Qc2 Qh8 26. Rae1 Be6 27. Qc3 Qh4 28. Re4 Qh8 1-0

[Event "Asia-ch"]
[Site "Al Ain"]
[Date "2025.05.09"]
[Round "3"]
[White "Xu, Yi"]
[Black "Salem, AR Saleh"]
[Result "0-1"]
[WhiteElo "2481"]
[BlackElo "2631"]
[PlyCount "50"]
[EventDate "2025.05.07"]
[EventType "swiss"]
[EventRounds "9"]
[EventCountry "UAE"]
[SourceTitle "CB21_2025"]
[SourceDate "2025.05.21"]
[SourceVersion "1"]
[SourceVersionDate "2025.05.21"]
[SourceQuality "1"]

1. e4 e6 2. d4 d5 3. exd5 exd5 4. Nf3 Nf6 5. Bd3 c5 6. 0-0 c4 7. Re1+ Be7 8. Bf1 0-0 9. b3 cxb3 10. axb3 Nc6 11. Bf4 Bg4 12. c3 Ne4 13. h3 Bh5 14. b4 a6 15. Bd3 f5 16. Qb3 Bxf3 17. gxf3 Nxf2 18. Kxf2 Bh4+ 19. Bg3 f4 20. Bxh4 Qxh4+ 21. Ke2 Rfe8+ 22. Be4 Rad8 23. Nd2 Kh8 24. Rh1 dxe4 25. Nxe4 Qg3 0-1

[Event "Asia-ch"]
[Site "Al Ain"]
[Date "2025.05.07"]
[Round "1"]
[White "Tarigan, Gilbert Elroy"]
[Black "Salem, AR Saleh"]
[Result "0-1"]
[WhiteElo "2415"]
[BlackElo "2631"]
[PlyCount "80"]
[EventDate "2025.05.07"]
[EventType "swiss"]
[EventRounds "9"]
[EventCountry "UAE"]
[SourceTitle "CB21_2025"]
[SourceDate "2025.05.21"]
[SourceVersion "1"]
[SourceVersionDate "2025.05.21"]
[SourceQuality "1"]

1. e4 c5 2. Nf3 d6 3. d4 cxd4 4. Nxd4 Nf6 5. Nc3 a6 6. Be2 e5 7. Nb3 Be7 8. 0-0 0-0 9. Qd3 Be6 10. Rd1 Nbd7 11. Nd5 Bxd5 12. exd5 g6 13. c4 b6 14. a4 Nc5 15. Nxc5 bxc5 16. b4 Nd7 17. Ba3 Rc8 18. a5 cxb4 19. Bxb4 Nc5 20. Qa3 e4 21. Rab1 Re8 22. Bxc5 Rxc5 23. Rb6 e3 24. f3 Bf6 25. Rxa6 Be5 26. g3 Bxg3 27. hxg3 Qc8 28. Rxd6 Qh3 29. Qxc5 Qxg3+ 30. Kh1 Qh3+ 31. Kg1 Qg3+ 32. Kh1 Qh4+ 33. Kg2 Qf2+ 34. Kh3 Qxe2 35. Qd4 Qxf3+ 36. Kh2 Qf2+ 37. Kh3 e2 38. Qxf2 exd1Q 39. a6 Qd3+ 40. Kg2 Re2 0-1

[Event "Titled Tuesday intern op 25th Feb Early"]
[Site "Chess.com INT"]
[Date "2025.02.25"]
[Round "3"]
[White "Ibadov, Dashgyn"]
[Black "Salem, AR Saleh"]
[Result "0-1"]
[WhiteElo "2337"]
[BlackElo "2631"]
[PlyCount "80"]
[EventDate "2025.02.25"]
[EventType "swiss (blitz)"]
[EventRounds "11"]
[EventCountry "USA"]
[SourceTitle "CB10_2025"]
[SourceDate "2025.03.05"]
[SourceVersion "1"]
[SourceVersionDate "2025.03.05"]
[SourceQuality "1"]

1. e4 c6 2. d4 d5 3. exd5 cxd5 4. Bd3 Nc6 5. c3 Nf6 6. h3 g6 7. Nf3 Bf5 8. Be2 e6 9. Bf4 Bd6 10. Bxd6 Qxd6 11. Nbd2 h5 12. Nf1 0-0-0 13. Ne3 Ne4 14. 0-0 g5 15. Nd2 Bg6 16. Nxe4 dxe4 17. b4 Kb8 18. a4 Ne7 19. a5 Qc7 20. a6 b6 21. c4 f5 22. c5 Nc6 23. Nc4 Nxd4 24. Nd6 Rxd6 25. cxd6 Qxd6 26. Bc4 g4 27. Ra3 Rd8 28. Qc1 e5 29. Qg5 Rc8 30. Ba2 gxh3 31. Rxh3 f4 32. Qh6 f3 33. g3 Nf5 34. Qg5 e3 35. fxe3 e4 36. Bb1 Qd2 37. Rh2 Qxe3+ 38. Qxe3 Nxe3 39. Re1 Ng4 40. Bxe4 Bxe4 0-1

[Event "Titled Tuesday intern op 25th Feb Early"]
[Site "Chess.com INT"]
[Date "2025.02.25"]
[Round "11"]
[White "Salem, AR Saleh"]
[Black "Usov, Aleksandr E"]
[Result "0-1"]
[WhiteElo "2631"]
[BlackElo "2350"]
[PlyCount "170"]
[EventDate "2025.02.25"]
[EventType "swiss (blitz)"]
[EventRounds "11"]
[EventCountry "USA"]
[SourceTitle "CB10_2025"]
[SourceDate "2025.03.05"]
[SourceVersion "1"]
[SourceVersionDate "2025.03.05"]
[SourceQuality "1"]

1. d4 d5 2. c4 c5 3. cxd5 Qxd5 4. e3 e6 5. Nc3 Qd8 6. Nf3 Nf6 7. Bd3 Be7 8. 0-0 0-0 9. Qe2 cxd4 10. exd4 Nc6 11. Rd1 b6 12. a3 Bb7 13. Bf4 Rc8 14. Rac1 Na5 15. Ne5 Nb3 16. Rb1 Nxd4 17. Qe3 Bc5 18. Qh3 h5 19. b4 Bxb4 20. Nb5 Nxb5 21. Bxb5 Nd5 22. Bg3 Bd6 23. Qxh5 Qe7 24. Bd3 Nf6 25. Qh4 Ne4 26. Qh5 Rc5 27. Rb4 Rd5 28. Bxe4 Rxd1+ 29. Qxd1 Bxb4 30. Bxb7 Rd8 31. Qf3 Qxb7 32. axb4 Qxf3 33. gxf3 Rd1+ 34. Kg2 a5 35. bxa5 bxa5 36. Nc4 a4 37. Be5 f6 38. Bb2 Rb1 39. Ba3 Rb3 40. Bd6 Rd3 41. Nb2 Rxd6 42. Nxa4 Rc6 43. Nb2 Kf7 44. Nd3 Rb6 45. Nf4 Rb5 46. Ne2 Rg5+ 47. Kf1 Ra5 48. Kg2 Ra1 49. Ng3 Ra4 50. Ne4 Rd4 51. Nc3 g5 52. Ne2 Rc4 53. Ng3 f5 54. Nf1 Kf6 55. Ne3 Rc1 56. h3 Ke5 57. Nf1 Kd4 58. Ng3 Rc2 59. Nf1 Re2 60. Ng3 Re1 61. Nf1 Kd3 62. Ng3 Rb1 63. Nh5 Rb2 64. Ng7 Rb6 65. Nh5 Kd2 66. Kf1 Kd1 67. Ng7 Kd2 68. Kg2 Ke1 69. Kg1 Ke2 70. Kg2 Ra6 71. Nh5 Ke1 72. Kg1 Ra2 73. Ng7 Rxf2 74. Nxe6 Rxf3 75. Kg2 Rf2+ 76. Kg3 f4+ 77. Kg4 Rg2+ 78. Kf3 Rg3+ 79. Ke4 Re3+ 80. Kd5 f3 81. Nxg5 f2 82. Ne4 f1Q 83. Nc5 Qf5+ 84. Kd4 Qe5+ 85. Kc4 Rc3+ 0-1

[Event "Chessable Masters Play In"]
[Site "Chess.com INT"]
[Date "2025.02.17"]
[Round "9"]
[White "Naroditsky, Daniel"]
[Black "Salem, AR Saleh"]
[Result "1/2-1/2"]
[WhiteElo "2619"]
[BlackElo "2631"]
[PlyCount "212"]
[EventDate "2025.02.17"]
[EventType "swiss (blitz)"]
[EventRounds "9"]
[EventCountry "USA"]
[SourceTitle "CB08_2025"]
[SourceDate "2025.02.19"]
[SourceVersion "1"]
[SourceVersionDate "2025.02.19"]
[SourceQuality "1"]

1. e4 c6 2. Nf3 d5 3. d3 dxe4 4. dxe4 Qxd1+ 5. Kxd1 Nf6 6. Nbd2 g6 7. a4 Bh6 8. Bc4 Bg4 9. Re1 Nbd7 10. h3 Bxd2 11. Bxd2 Bxf3+ 12. gxf3 0-0-0 13. Bxf7 Ne5 14. Be6+ Kb8 15. Ra3 Rd6 16. f4 Rhd8 17. Bd5 Nxe4 18. Bxe4 Rxd2+ 19. Kc1 Nf7 20. Bd3 Rxf2 21. Rxe7 Nd6 22. Rxh7 Rxf4 23. a5 a6 24. Rb3 c5 25. Bxa6 c4 26. Rb6 Rf1+ 27. Kd2 Rf6 28. Kc3 Ne4+ 29. Kxc4 Rxb6 30. axb6 bxa6 31. Kb4 Rd5 32. c4 a5+ 33. Ka4 Re5 34. h4 Nd6 35. b3 Nc8 36. Rh6 Nxb6+ 37. Ka3 Re3 38. c5 Nd7 39. Ka4 Nxc5+ 40. Kxa5 Rxb3 41. Rxg6 Kc7 42. h5 Rh3 43. h6 Rh5 44. Kb4 Nd3+ 45. Kc3 Ne5 46. Rg7+ Kd6 47. h7 Ke6 48. Ra7 Kf6 49. Ra6+ Kf5 50. Ra7 Rh3+ 51. Kc2 Nc6 52. Rd7 Ne5 53. Rc7 Ng4 54. Rg7 Nf6 55. Rf7 Kg6 56. h8Q Rxh8 57. Ra7 Rh2+ 58. Kd3 Rh4 59. Ra6 Kf5 60. Ra5+ Ke6 61. Ra8 Nd5 62. Re8+ Kd6 63. Ra8 Ke5 64. Re8+ Kd6 65. Rd8+ Ke6 66. Re8+ Kf5 67. Rd8 Nf6 68. Ra8 Rh3+ 69. Kd4 Rh1 70. Ra5+ Kf4 71. Kd3 Rd1+ 72. Ke2 Rd4 73. Ra6 Ne4 74. Ra3 Rd2+ 75. Ke1 Rb2 76. Kd1 Rh2 77. Kc1 Ke5 78. Ra8 Kd4 79. Rd8+ Kc4 80. Rc8+ Nc5 81. Kd1 Kd4 82. Ke1 Ne4 83. Rd8+ Ke3 84. Kd1 Nc3+ 85. Kc1 Nb5 86. Re8+ Kd3 87. Rg8 Nd4 88. Kb1 Nf3 89. Rc8 Nd2+ 90. Kc1 Nc4 91. Kb1 Kc3 92. Rb8 Nd6 93. Rb6 Ne4 94. Rc6+ Kd3 95. Kc1 Rh8 96. Rc7 Rb8 97. Rd7+ Kc3 98. Rc7+ Kd3 99. Rd7+ Kc3 100. Rh7 Nc5 101. Rc7 Kd4 102. Kc2 Rh8 103. Rg7 Rh2+ 104. Kd1 Ke3 105. Re7+ Ne4 106. Kc1 Rg2 1/2-1/2